Vista normal
Vista MARC
Entrada Topical Term
Número de registros utilizados en: 1
001 - CONTROL NUMBER
- control field: 37017
003 - CONTROL NUMBER IDENTIFIER
- control field: OSt
005 - DATE AND TIME OF LATEST TRANSACTION
- control field: 20210420144441.0
008 - FIXED-LENGTH DATA ELEMENTS
- fixed length control field: 210420|| aca||aabn | a|a d
040 ## - CATALOGING SOURCE
- Original cataloging agency: OSt
- Transcribing agency: OSt
150 ## - HEADING--TOPICAL TERM
- Topical term or geographic name entry element: Contratos internacionales
670 ## - SOURCE DATA FOUND
- Source citation: Work cat.: (OSt)11538: Caballero Sánchez de Puerta, Pilar, autora 25787, Negociación y contratación Internacional /, 2015.